Deep learning : (Record no. 1430815)

MARC details
000 -LEADER
fixed length control field 00535nam a2200193Ia 4500
005 - DATE AND TIME OF LATEST TRANSACTION
control field 20250703151433.0
008 - FIXED-LENGTH DATA ELEMENTS--GENERAL INFORMATION
fixed length control field 008 250516s9999 xx 000 0 eng d
020 ## - INTERNATIONAL STANDARD BOOK NUMBER
International Standard Book Number 9783031454677
040 ## - CATALOGING SOURCE
Language of cataloging eng
Transcribing agency SDCL
041 ## - LANGUAGE CODE
Language code of text/sound track or separate title eng
Source of code eng
084 ## - COLON CLASSIFICATION NUMBER
Classification number D6,8(B),22:8 R4
100 ## - MAIN ENTRY--PERSONAL NAME
Personal name Bishop, Christopher M.
245 #0 - TITLE STATEMENT
Title Deep learning :
Remainder of title Foundations and concepts
260 ## - PUBLICATION, DISTRIBUTION, ETC.
Place of publication, distribution, etc. Switzerland :
Name of publisher, distributor, etc. Springer,
Date of publication, distribution, etc. 2024.
300 ## - PHYSICAL DESCRIPTION
Extent xx, 649p.
650 ## - SUBJECT ADDED ENTRY--TOPICAL TERM
Topical term or geographic name entry element Biophysics
700 ## - ADDED ENTRY--PERSONAL NAME
Personal name Bishop, Hugh
942 ## - ADDED ENTRY ELEMENTS (KOHA)
Koha item type Textual
Source of classification or shelving scheme Colon Classification (CC)
100 ## - MAIN ENTRY--PERSONAL NAME
-- 815156
650 ## - SUBJECT ADDED ENTRY--TOPICAL TERM
-- 815157
700 ## - ADDED ENTRY--PERSONAL NAME
-- 815158
999 ## -
-- 1430815
-- 1430815
Holdings
Withdrawn status Lost status Source of classification or shelving scheme Damaged status Not for loan Home library Current library Date acquired Source of acquisition Inventory number Total checkouts Full call number Barcode Date last seen Price effective from Koha item type
    Colon Classification (CC)     South Campus Library South Campus Library 2025-05-22 Excel Book International 174, 20/02/2025   D6,8(B),22:8 R4 SC1691425 2025-05-22 2025-05-22 Textual
Copyright @ Delhi University Library System